000 00418pab a2200157 454500
008 180718b2014 xxu||||| |||| 00| 0 eng d
100 _aBhan, Aditya
245 _aIncentives for product and process innovations: a case for the drug industry
260 _c2014
300 _ap.193-204.
362 _aJul-Dec
650 _aDrugs
700 _aKabiraj, Tarun
773 _aIndian Economic Review
909 _a112673
999 _c112668
_d112668